000 00337nab a22001097u 4500
008 130520b1988 xxu||||| |||| 00| 0 spa d
041 _aspa
100 1 _aFreyne, Sean
_98088
245 0 0 _aEl Evangelio de Mateo, una primera respuesta cristiana
_cSean Freyne
773 0 _tConcilium
_gV.2,1988,págs.395-404
_x0210-1041
_wRev134
942 _cAR
999 _c355409
_d355409